000 01321nam a2200337 a 4500
001 ebr10542510
003 CaPaEBR
006 m u
007 cr cn|||||||||
008 120405s2012 enka sb 001 0 eng d
010 _z 2011044943
020 _z9781405182539 (hardcover : alk. paper)
020 _z9781405182522
020 _z9781118231807 (e-book)
040 _aCaPaEBR
_cCaPaEBR
035 _a(OCoLC)787849793
043 _an-us---
050 1 4 _aPN1995.9.M86
_bG68 2012eb
100 1 _aGrant, Barry Keith,
_d1947-
245 1 4 _aThe Hollywood film musical
_h[electronic resource] /
_cBarry Keith Grant.
260 _aChichester [England] :
_bWiley-Blackwell,
_c2012.
300 _axi, 182 p. :
_bill.
490 1 _aNew approaches to film genre
504 _aIncludes bibliographical references and index.
533 _aElectronic reproduction.
_bPalo Alto, Calif. :
_cebrary,
_d2013.
_nAvailable via World Wide Web.
_nAccess may be limited to ebrary affiliated libraries.
650 0 _aMusical films
_zUnited States
_xHistory and criticism.
655 7 _aElectronic books.
_2local
710 2 _aebrary, Inc.
830 0 _aNew approaches to film genre.
856 4 0 _uhttp://site.ebrary.com/lib/rucke/Doc?id=10542510
_zAn electronic book accessible through the World Wide Web; click to view
999 _c135807
_d135807